[Event "d12"]
[Site "?"]
[Date "2020.08.28"]
[Round "2.2"]
[White "Wojs, Alicja"]
[Black "Seemann, Pola"]
[Result "1-0"]
[BlackElo "1226"]
[WhiteElo "1432"]
[LiveChessVersion "1.4.8"]

1. e4 {[%clk 0:15:19]} e5 {[%clk 0:15:19]} 2. Nf3 {[%clk 0:15:28]} Nc6
{[%clk 0:15:28]} 3. d4 {[%clk 0:15:37]} exd4 {[%clk 0:15:35]} 4. Nxd4
{[%clk 0:15:55]} Nf6 {[%clk 0:15:54]} 5. Nxc6 {[%clk 0:16:02]} bxc6
{[%clk 0:16:01]} 6. Bd3 {[%clk 0:16:11]} Bc5 {[%clk 0:15:51]} 7. O-O
{[%clk 0:16:16]} O-O {[%clk 0:15:54]} 8. Nc3 {[%clk 0:16:18]} d6 {[%clk 0:15:35]}
9. h3 {[%clk 0:16:19]} Be6 {[%clk 0:15:05]} 10. Na4 {[%clk 0:16:27]} Bb6
{[%clk 0:15:04]} 11. Nxb6 {[%clk 0:16:33]} cxb6 {[%clk 0:15:00]} 12. Bf4
{[%clk 0:16:40]} d5 {[%clk 0:14:23]} 13. exd5 {[%clk 0:16:43]} Nxd5
{[%clk 0:14:01]} 14. Bg3 {[%clk 0:16:34]} Qf6 {[%clk 0:13:06]} 15. Qh5
{[%clk 0:15:16]} h6 {[%clk 0:12:26]} 16. Be5 {[%clk 0:14:28]} Nf4
{[%clk 0:11:20]} 17. Bxf6 {[%clk 0:14:32]} Nxh5 {[%clk 0:11:28]} 18. Bc3
{[%clk 0:14:40]} Nf4 {[%clk 0:11:24]} 19. Be4 {[%clk 0:14:41]} Nd5
{[%clk 0:11:07]} 20. Bd2 {[%clk 0:14:32]} Rad8 {[%clk 0:11:04]} 21. Rad1
{[%clk 0:14:31]} Rd7 {[%clk 0:10:31]} 22. a3 {[%clk 0:13:55]} Rfd8
{[%clk 0:10:26]} 23. Bc1 {[%clk 0:13:54]} c5 {[%clk 0:09:59]} 24. Rfe1
{[%clk 0:13:04]} Nf6 {[%clk 0:09:07]} 25. Bf3 {[%clk 0:12:43]} Bf5
{[%clk 0:08:43]} 26. c3 {[%clk 0:11:58]} Bd3 {[%clk 0:08:20]} 27. Bf4
{[%clk 0:11:39]} Nd5 {[%clk 0:06:40]} 28. Bg3 {[%clk 0:11:36]} Ba6
{[%clk 0:04:51]} 29. Bg4 {[%clk 0:11:04]} Rb7 {[%clk 0:04:14]} 30. Bh4
{[%clk 0:10:30]} g5 {[%clk 0:03:23]} 31. Bg3 {[%clk 0:10:33]} Bc4
{[%clk 0:02:47]} 32. Bf3 {[%clk 0:09:09]} Rbd7 {[%clk 0:02:37]} 33. Bg4
{[%clk 0:09:16]} Rb7 {[%clk 0:02:46]} 34. Kh2 {[%clk 0:08:24]} Rf8
{[%clk 0:02:26]} 35. Bd6 {[%clk 0:08:18]} Rd8 {[%clk 0:02:30]} 36. Bg3
{[%clk 0:08:02]} Rf8 {[%clk 0:02:39]} 37. h4 {[%clk 0:07:58]} f5 {[%clk 0:02:43]}
38. Bf3 {[%clk 0:07:52]} Rd7 {[%clk 0:02:29]} 39. hxg5 {[%clk 0:07:50]} hxg5
{[%clk 0:02:38]} 40. Be5 {[%clk 0:07:28]} Rh7+ {[%clk 0:02:15]} 41. Kg1
{[%clk 0:07:31]} Nf6 {[%clk 0:02:01]} 42. Rd6 {[%clk 0:06:51]} Nd7
{[%clk 0:01:23]} 43. Rg6+ {[%clk 0:06:58]} Kf7 {[%clk 0:01:30]} 44. Rxg5
{[%clk 0:06:53]} Re8 {[%clk 0:01:25]} 45. Rxf5+ {[%clk 0:06:35]} Kg6
{[%clk 0:01:23]} 46. Be4 {[%clk 0:06:35]} Kh6 {[%clk 0:00:38]} 47. Bf4+
{[%clk 0:06:37]} Kg7 {[%clk 0:00:45]} 48. Rg5+ {[%clk 0:06:46]} Kh8
{[%clk 0:00:41]} 49. f3 {[%clk 0:06:34]} Rhe7 {[%clk 0:00:22]} 50. Kf2
{[%clk 0:06:35]} Nf6 {[%clk 0:00:27]} 51. Rh1+ {[%clk 0:06:39]} Nh7
{[%clk 0:00:36]} 52. Rgh5 {[%clk 0:06:36]} Bg8 {[%clk 0:00:43]} 53. Bg5
{[%clk 0:06:27]} Rf7 {[%clk 0:00:51]} 54. Bxh7 {[%clk 0:06:13]} Bxh7
{[%clk 0:00:53]} 55. Re1 {[%clk 0:05:51]} Rg8 {[%clk 0:00:58]} 56. Re7
{[%clk 0:05:52]} Rxg5 {[%clk 0:00:47]} 57. Rxf7 {[%clk 0:05:58]} Rxh5
{[%clk 0:00:55]} 58. Rxa7 {[%clk 0:06:07]} Rd5 {[%clk 0:00:58]} 59. Ke2
{[%clk 0:06:08]} Bd3+ {[%clk 0:00:53]} 60. Ke3 {[%clk 0:06:13]} Bf1
{[%clk 0:01:01]} 61. Kf2 {[%clk 0:06:19]} Bc4 {[%clk 0:01:06]} 62. Ke1
{[%clk 0:06:23]} Bb3 {[%clk 0:01:07]} 63. Ra8+ {[%clk 0:06:22]} Kg7
{[%clk 0:01:15]} 64. Rb8 {[%clk 0:06:31]} Rd6 {[%clk 0:01:21]} 65. Ke2
{[%clk 0:06:35]} Bc4+ {[%clk 0:01:27]} 66. Ke1 {[%clk 0:06:41]} Bb3
{[%clk 0:01:34]} 67. f4 {[%clk 0:06:43]} Kf6 {[%clk 0:01:38]} 68. g4
{[%clk 0:06:46]} Be6 {[%clk 0:01:32]} 69. g5+ {[%clk 0:06:47]} Kf5
{[%clk 0:01:40]} 70. Rf8+ Kg6 {[%clk 0:01:42]} 71. Rf6+ {[%clk 0:07:05]} Kg7
{[%clk 0:01:50]} 72. f5 {[%clk 0:07:08]} Rd5 {[%clk 0:01:44]} 73. Rxe6
{[%clk 0:07:08]} Rxf5 {[%clk 0:01:48]} 74. Rxb6 {[%clk 0:07:16]} Rxg5
{[%clk 0:01:54]} 75. Rc6 {[%clk 0:07:25]} Kf7 {[%clk 0:02:01]} 76. a4
{[%clk 0:07:34]} Ke7 {[%clk 0:02:08]} 77. a5 {[%clk 0:07:43]} Kd7
{[%clk 0:02:14]} 78. Rb6 {[%clk 0:07:52]} Kc7 {[%clk 0:02:20]} 79. Rb5
{[%clk 0:07:59]} Kc6 {[%clk 0:02:29]} 80. c4 {[%clk 0:07:56]} Rg8
{[%clk 0:02:34]} 81. Kd2 {[%clk 0:07:55]} Rd8+ {[%clk 0:02:41]} 82. Ke3
{[%clk 0:08:00]} Rd4 {[%clk 0:02:47]} 83. b3 {[%clk 0:08:09]} Rd8
{[%clk 0:02:52]} 84. Ke4 {[%clk 0:08:07]} Rd7 {[%clk 0:02:54]} 85. Ke5
{[%clk 0:08:11]} Rd8 {[%clk 0:03:00]} 86. Ke6 {[%clk 0:08:13]} Rd6+
{[%clk 0:03:08]} 87. Ke7 {[%clk 0:08:21]} Rd7+ {[%clk 0:03:14]} 88. Ke8
{[%clk 0:08:30]} Rd3 {[%clk 0:03:20]} 89. a6 {[%clk 0:08:28]} Rd2
{[%clk 0:03:09]} 90. Ra5 {[%clk 0:08:26]} Re2+ {[%clk 0:03:16]} 91. Kf7
{[%clk 0:08:33]} Rf2+ {[%clk 0:03:25]} 92. Ke6 {[%clk 0:08:40]} Re2+
{[%clk 0:03:34]} 93. Kf5 {[%clk 0:08:49]} Re8 {[%clk 0:03:40]} 94. a7
{[%clk 0:08:50]} Ra8 {[%clk 0:03:47]} 95. Ra4 {[%clk 0:08:54]} Kb6
{[%clk 0:03:49]} 96. Ke6 {[%clk 0:09:02]} Kb7 {[%clk 0:03:41]} 97. Kd7
{[%clk 0:09:10]} Kb6 {[%clk 0:03:45]} 98. Ra3 {[%clk 0:09:04]} Kb7
{[%clk 0:03:47]} 99. Ra5 {[%clk 0:09:10]} Kb6 {[%clk 0:03:56]} 100. Rb5+
{[%clk 0:09:19]} Ka6 101. Rxc5 {[%clk 0:09:20]} Rxa7+ {[%clk 0:04:04]} 102. Rc7
{[%clk 0:09:29]} Ra8 {[%clk 0:04:12]} 103. Kc6 {[%clk 0:09:29]} Rb8
{[%clk 0:04:16]} 104. b4 {[%clk 0:09:05]} Rxb4 {[%clk 0:04:23]} 105. Kc5
{[%clk 0:09:14]} Rb8 {[%clk 0:04:20]} 106. Kd6 {[%clk 0:09:15]} Rd8+
{[%clk 0:04:23]} 107. Rd7 {[%clk 0:09:23]} Rb8 {[%clk 0:04:25]} 108. c5
{[%clk 0:09:31]} Kb5 {[%clk 0:04:30]} 109. c6 {[%clk 0:09:38]} Rc8
{[%clk 0:04:21]} 110. Rb7+ {[%clk 0:09:38]} Ka6 {[%clk 0:04:26]} 111. Rb3
{[%clk 0:09:29]} Ka7 {[%clk 0:04:31]} 112. c7 {[%clk 0:09:27]} Rh8
{[%clk 0:04:19]} 113. Rc3 {[%clk 0:09:14]} Kb7 {[%clk 0:04:24]} 114. Rb3+
{[%clk 0:09:13]} Ka7 {[%clk 0:04:32]} 115. Re3 {[%clk 0:09:06]} Kb7
{[%clk 0:04:34]} 116. Re7 {[%clk 0:09:12]} Rh6+ {[%clk 0:04:38]} 117. Kd7
{[%clk 0:09:19]} Rc6 {[%clk 0:04:34]} 118. Kd8 {[%clk 0:09:24]} Rd6+
{[%clk 0:04:18]} 119. Rd7 {[%clk 0:09:33]} Rc6 {[%clk 0:04:10]} 120. c8=Q+ 1-0

[Event "d12"]
[Site "?"]
[Date "2020.08.28"]
[Round "2.3"]
[White "Lewicka, Joanna"]
[Black "Natoli, Alessia"]
[Result "0-1"]
[BlackElo "1399"]
[WhiteElo "1214"]
[LiveChessVersion "1.4.8"]

1. e4 {[%clk 0:15:18]} c5 {[%clk 0:15:16]} 2. c3 {[%clk 0:15:27]} e6
{[%clk 0:15:12]} 3. d4 {[%clk 0:15:35]} cxd4 {[%clk 0:14:57]} 4. cxd4
{[%clk 0:15:43]} d5 {[%clk 0:14:56]} 5. exd5 {[%clk 0:15:37]} Qxd5
{[%clk 0:14:30]} 6. Nc3 {[%clk 0:15:43]} Qd8 {[%clk 0:14:38]} 7. Nf3
{[%clk 0:15:36]} Nf6 {[%clk 0:14:46]} 8. Be2 {[%clk 0:14:56]} a6 {[%clk 0:14:17]}
9. O-O {[%clk 0:15:02]} Nc6 {[%clk 0:14:25]} 10. Be3 {[%clk 0:15:10]} Be7
{[%clk 0:14:19]} 11. Qb3 {[%clk 0:14:35]} O-O {[%clk 0:13:29]} 12. Rfd1
{[%clk 0:14:33]} Nd5 {[%clk 0:13:18]} 13. Nxd5 {[%clk 0:14:12]} Qxd5
{[%clk 0:12:08]} 14. Qxd5 {[%clk 0:14:19]} exd5 {[%clk 0:12:15]} 15. Ne5
{[%clk 0:14:20]} Bf5 {[%clk 0:12:08]} 16. Rac1 {[%clk 0:13:45]} Rac8
{[%clk 0:12:03]} 17. Nxc6 {[%clk 0:13:17]} Rxc6 {[%clk 0:11:38]} 18. Rxc6
{[%clk 0:13:25]} bxc6 {[%clk 0:11:45]} 19. Bxa6 {[%clk 0:13:26]} Ra8
{[%clk 0:11:18]} 20. Bb7 {[%clk 0:13:34]} Rxa2 {[%clk 0:11:25]} 21. Bxc6
{[%clk 0:13:42]} Rxb2 {[%clk 0:11:32]} 22. Bxd5 {[%clk 0:13:50]} Bc2
{[%clk 0:11:04]} 23. Rc1 {[%clk 0:13:40]} h6 {[%clk 0:10:53]} 24. g3
{[%clk 0:13:47]} Bf6 {[%clk 0:10:41]} 25. Bf3 {[%clk 0:12:00]} Bf5
{[%clk 0:09:50]} 26. Rd1 {[%clk 0:11:54]} Kf8 {[%clk 0:09:26]} 27. d5
{[%clk 0:11:16]} Bc2 {[%clk 0:08:34]} 28. Ra1 {[%clk 0:10:00]} Rb8
{[%clk 0:08:00]} 29. Bf4 {[%clk 0:10:00]} Rb3 {[%clk 0:06:48]} 30. Kg2
{[%clk 0:09:37]} Bxa1 {[%clk 0:06:56]} 31. Bc7 {[%clk 0:08:30]} f5
{[%clk 0:06:31]} 32. d6 {[%clk 0:08:28]} Rd3 {[%clk 0:06:31]} 33. Bc6
{[%clk 0:08:33]} Be5 {[%clk 0:06:22]} 34. Bb5 {[%clk 0:08:13]} Rd2
{[%clk 0:05:50]} 35. Ba5 {[%clk 0:04:52]} Be4+ {[%clk 0:05:34]} 36. Kf1
{[%clk 0:04:10]} Rd5 {[%clk 0:05:03]} 37. d7 {[%clk 0:03:05]} Bf6
{[%clk 0:05:04]} 38. Bb4+ {[%clk 0:02:21]} Be7 {[%clk 0:04:58]} 39. Bc4
{[%clk 0:00:21]} Rxd7 {[%clk 0:04:47]} 40. Ba5 {[%clk 0:00:15]} Bd3+
{[%clk 0:04:48]} 41. Bxd3 {[%clk 0:00:23]} Rxd3 {[%clk 0:04:57]} 42. Bb6
{[%clk 0:00:27]} Bb4 {[%clk 0:05:00]} 43. Ke2 {[%clk 0:00:34]} Rc3
{[%clk 0:05:00]} 44. Be3 {[%clk 0:00:35]} g5 {[%clk 0:05:05]} 45. f4
{[%clk 0:00:36]} g4 {[%clk 0:05:05]} 46. Bg1 {[%clk 0:00:24]} Ke7
{[%clk 0:05:11]} 47. Kf1 {[%clk 0:00:23]} Ke6 {[%clk 0:05:19]} 48. Kg2
{[%clk 0:00:30]} Kd5 {[%clk 0:05:28]} 49. Ba7 {[%clk 0:00:21]} Ke4
{[%clk 0:05:36]} 50. Bb8 {[%clk 0:00:27]} Rc2+ {[%clk 0:05:37]} 51. Kf1
{[%clk 0:00:16]} Kf3 {[%clk 0:05:42]} 0-1

[Event "d12"]
[Site "?"]
[Date "2020.08.28"]
[Round "2.6"]
[White "Pniewska, Beata"]
[Black "Chiszko, Wiktoria"]
[Result "1-0"]
[BlackElo "1163"]
[WhiteElo "1354"]
[LiveChessVersion "1.4.8"]

1. e4 {[%clk 0:15:17]} e5 {[%clk 0:15:19]} 2. Nf3 {[%clk 0:15:25]} Nc6
{[%clk 0:15:28]} 3. Bc4 {[%clk 0:15:31]} Bc5 {[%clk 0:15:37]} 4. c3
{[%clk 0:15:36]} Nf6 {[%clk 0:15:45]} 5. d4 {[%clk 0:15:42]} exd4
{[%clk 0:15:51]} 6. cxd4 {[%clk 0:15:48]} Bb4+ {[%clk 0:15:59]} 7. Nc3
{[%clk 0:15:18]} Nxe4 {[%clk 0:16:02]} 8. O-O {[%clk 0:15:03]} d5
{[%clk 0:16:07]} 9. Nxd5 {[%clk 0:14:40]} O-O {[%clk 0:15:46]} 10. Nxb4
{[%clk 0:13:50]} Nxb4 {[%clk 0:15:47]} 11. Qe1 {[%clk 0:11:50]} Nc2
{[%clk 0:15:43]} 12. Qxe4 {[%clk 0:11:56]} Nxa1 {[%clk 0:15:51]} 13. Bg5
{[%clk 0:11:50]} Qd7 {[%clk 0:15:25]} 14. Rxa1 {[%clk 0:11:49]} Qa4
{[%clk 0:15:26]} 15. Bb3 {[%clk 0:11:28]} Qb5 {[%clk 0:15:06]} 16. Re1
{[%clk 0:11:24]} Bd7 {[%clk 0:14:28]} 17. Be7 {[%clk 0:10:55]} Rfe8
{[%clk 0:14:10]} 18. Ng5 {[%clk 0:10:44]} Qf5 {[%clk 0:13:24]} 19. Bxf7+
{[%clk 0:10:06]} Kh8 {[%clk 0:13:27]} 20. Qxf5 {[%clk 0:10:12]} Bxf5
{[%clk 0:13:35]} 21. Bxe8 {[%clk 0:10:12]} Rxe8 {[%clk 0:13:42]} 22. Re5
{[%clk 0:10:02]} g6 {[%clk 0:13:50]} 23. Bf6+ {[%clk 0:09:59]} Kg8
{[%clk 0:13:55]} 24. Rxe8# Kf7 25. Re3+ {[%clk 0:09:53]} Kxf6 {[%clk 0:14:12]}
26. Nxh7+ {[%clk 0:09:58]} Kg7 {[%clk 0:14:13]} 27. Re7+ {[%clk 0:10:00]} Kh6
{[%clk 0:14:18]} 28. Rxc7 {[%clk 0:10:05]} Be4 {[%clk 0:14:25]} 29. f4
{[%clk 0:09:57]} a6 {[%clk 0:14:28]} 30. Nf6 {[%clk 0:10:05]} Bc6
{[%clk 0:14:31]} 31. Rh7# {[%clk 0:10:12]} 1-0

[Event "d12"]
[Site "?"]
[Date "2020.08.28"]
[Round "2.7"]
[White "Zielinska, Aleksandra"]
[Black "Salamon, Julia"]
[Result "1/2-1/2"]
[BlackElo "1324"]
[WhiteElo "1196"]
[LiveChessVersion "1.4.8"]

1. e4 {[%clk 0:15:18]} c5 {[%clk 0:15:19]} 2. Nf3 {[%clk 0:15:27]} e6
{[%clk 0:15:29]} 3. d4 {[%clk 0:15:35]} cxd4 {[%clk 0:15:37]} 4. Nxd4
{[%clk 0:15:43]} Nf6 {[%clk 0:15:46]} 5. Nc3 {[%clk 0:15:51]} Nc6
{[%clk 0:15:55]} 6. Be3 {[%clk 0:15:51]} Bb4 {[%clk 0:16:02]} 7. Nxc6
{[%clk 0:15:29]} bxc6 {[%clk 0:16:07]} 8. Bd3 {[%clk 0:15:37]} d5
{[%clk 0:15:52]} 9. exd5 {[%clk 0:15:37]} cxd5 {[%clk 0:15:34]} 10. Bb5+
{[%clk 0:15:16]} Bd7 {[%clk 0:13:21]} 11. Bxd7+ {[%clk 0:15:16]} Qxd7
{[%clk 0:13:10]} 12. O-O {[%clk 0:15:10]} Bxc3 {[%clk 0:10:44]} 13. bxc3
{[%clk 0:15:13]} O-O {[%clk 0:10:22]} 14. f3 Qc7 15. Qd3 {[%clk 0:13:37]} Rfc8
{[%clk 0:09:52]} 16. Bd4 {[%clk 0:13:41]} e5 {[%clk 0:09:46]} 17. Bf2
{[%clk 0:13:01]} Qxc3 {[%clk 0:09:10]} 18. Qxc3 {[%clk 0:13:04]} Rxc3
{[%clk 0:09:17]} 19. Rfe1 {[%clk 0:12:52]} Nd7 {[%clk 0:08:43]} 20. Re2
{[%clk 0:12:48]} d4 {[%clk 0:08:22]} 21. Kf1 {[%clk 0:12:08]} Rac8
{[%clk 0:08:13]} 22. Rc1 {[%clk 0:12:07]} d3 {[%clk 0:07:13]} 23. Rd2
{[%clk 0:11:50]} Nf6 {[%clk 0:07:13]} 24. Ke1 {[%clk 0:11:32]} a6
{[%clk 0:06:43]} 25. Kd1 {[%clk 0:11:26]} e4 {[%clk 0:04:44]} 26. Bd4
{[%clk 0:10:41]} dxc2+ {[%clk 0:02:40]} 27. Rcxc2 {[%clk 0:10:10]} Rxc2
{[%clk 0:02:42]} 28. Rxc2 {[%clk 0:10:19]} Rxc2 {[%clk 0:02:04]} 29. Kxc2
{[%clk 0:10:27]} exf3 {[%clk 0:02:12]} 30. gxf3 {[%clk 0:10:03]} Nd5
{[%clk 0:01:56]} 31. Kb3 {[%clk 0:09:58]} Kf8 {[%clk 0:01:32]} 32. Ka4
{[%clk 0:09:58]} f6 {[%clk 0:00:56]} 33. Ka5 {[%clk 0:09:56]} Ke8
{[%clk 0:01:02]} 34. a3 {[%clk 0:09:46]} Nc7 {[%clk 0:01:04]} 35. Bb6
{[%clk 0:09:49]} Nb5 {[%clk 0:01:03]} 36. a4 {[%clk 0:09:20]} Nc3
{[%clk 0:00:59]} 37. Bd4 {[%clk 0:09:09]} Nxa4 {[%clk 0:00:28]} 38. Kxa4
{[%clk 0:09:15]} Kd7 {[%clk 0:00:37]} 39. Ka5 {[%clk 0:09:22]} Ke6
{[%clk 0:00:46]} 40. Bf2 {[%clk 0:09:20]} Kf5 {[%clk 0:00:49]} 41. Bg3
{[%clk 0:09:29]} g5 {[%clk 0:00:49]} 42. Kxa6 {[%clk 0:08:25]} h5
{[%clk 0:00:57]} 43. h3 h4 44. Bh2 Ke6 45. Kb5 Kd5 46. Bg1 Ke5 47. Be3 f5 48. Kc4
f4 49. Bb6 Kf5 50. Bd8 Kg6 51. Kd5 Kh6 {[%clk 0:00:57]} 52. Ke6 {[%clk 0:06:30]}
1/2-1/2

[Event "d12"]
[Site "?"]
[Date "2020.08.28"]
[Round "3.1"]
[White "Szczotka, Klara"]
[Black "Konkol, Sandra"]
[Result "1-0"]
[BlackElo "1303"]
[WhiteElo "1553"]
[LiveChessVersion "1.4.8"]

1. e4 {[%clk 0:15:18]} d6 {[%clk 0:15:19]} 2. d4 {[%clk 0:15:27]} Nf6
{[%clk 0:15:28]} 3. Nc3 {[%clk 0:15:36]} c6 {[%clk 0:15:37]} 4. Nge2
{[%clk 0:15:33]} e6 {[%clk 0:15:43]} 5. g3 {[%clk 0:15:36]} d5 {[%clk 0:15:49]}
6. e5 {[%clk 0:15:42]} Nfd7 {[%clk 0:15:58]} 7. Bg2 {[%clk 0:15:50]} c5
{[%clk 0:16:05]} 8. f4 {[%clk 0:15:58]} Be7 {[%clk 0:16:13]} 9. Be3
{[%clk 0:16:06]} Nc6 {[%clk 0:16:19]} 10. O-O {[%clk 0:15:53]} O-O
{[%clk 0:16:27]} 11. Kh1 {[%clk 0:15:59]} cxd4 {[%clk 0:16:30]} 12. Nxd4
{[%clk 0:16:08]} Nxd4 {[%clk 0:16:32]} 13. Bxd4 {[%clk 0:16:17]} Bc5
{[%clk 0:16:38]} 14. Ne2 {[%clk 0:16:22]} Bxd4 {[%clk 0:16:37]} 15. Qxd4
{[%clk 0:16:29]} Nb6 {[%clk 0:16:44]} 16. Rad1 {[%clk 0:16:33]} Bd7
{[%clk 0:16:50]} 17. b3 {[%clk 0:16:42]} Rc8 {[%clk 0:16:49]} 18. Rd2
{[%clk 0:16:50]} Bb5 {[%clk 0:16:48]} 19. Rfd1 {[%clk 0:16:54]} Bxe2
{[%clk 0:16:53]} 20. Rxe2 {[%clk 0:17:03]} Nd7 {[%clk 0:16:39]} 21. c4
{[%clk 0:15:34]} Nb6 {[%clk 0:16:03]} 22. cxd5 {[%clk 0:15:43]} exd5
{[%clk 0:15:53]} 23. Bxd5 {[%clk 0:15:36]} Nxd5 {[%clk 0:15:39]} 24. Qxd5
{[%clk 0:15:45]} Qxd5+ {[%clk 0:15:47]} 25. Rxd5 {[%clk 0:15:54]} Rc1+
{[%clk 0:15:50]} 26. Kg2 {[%clk 0:16:04]} Rfc8 {[%clk 0:15:59]} 27. Red2
{[%clk 0:16:11]} g6 {[%clk 0:16:06]} 28. Rd7 {[%clk 0:16:18]} R8c2
{[%clk 0:16:02]} 29. Kf3 {[%clk 0:16:22]} Rxd2 {[%clk 0:16:07]} 30. Rxd2
{[%clk 0:16:31]} Rc7 {[%clk 0:16:12]} 31. Ke4 {[%clk 0:16:40]} Kg7
{[%clk 0:16:14]} 32. g4 {[%clk 0:16:44]} Re7 {[%clk 0:16:19]} 33. f5
{[%clk 0:16:51]} f6 {[%clk 0:16:25]} 34. e6 {[%clk 0:17:00]} h5 {[%clk 0:16:29]}
35. h3 {[%clk 0:17:09]} hxg4 {[%clk 0:16:32]} 36. hxg4 {[%clk 0:17:17]} gxf5+
{[%clk 0:16:40]} 37. gxf5 {[%clk 0:17:27]} Kf8 {[%clk 0:16:44]} 38. Rd8+
{[%clk 0:17:34]} Re8 {[%clk 0:16:13]} 39. Rxe8+ {[%clk 0:17:42]} Kxe8
{[%clk 0:16:22]} 40. Kd5 {[%clk 0:17:51]} Ke7 {[%clk 0:16:30]} 41. b4
{[%clk 0:18:00]} Ke8 {[%clk 0:16:30]} 42. Kd6 {[%clk 0:18:09]} Kd8
{[%clk 0:16:38]} 43. e7+ {[%clk 0:18:17]} Ke8 {[%clk 0:16:47]} 44. Ke6
{[%clk 0:18:25]} a5 {[%clk 0:16:56]} 45. Kxf6 {[%clk 0:18:26]} axb4
{[%clk 0:17:05]} 46. Ke6 {[%clk 0:18:28]} b3 {[%clk 0:17:14]} 47. axb3
{[%clk 0:18:38]} b5 {[%clk 0:17:23]} 48. Kd6 {[%clk 0:18:47]} b4 {[%clk 0:17:30]}
49. f6 {[%clk 0:18:56]} Kf7 {[%clk 0:17:38]} 50. Kd7 {[%clk 0:19:05]} 1-0

[Event "d12"]
[Site "?"]
[Date "2020.08.28"]
[Round "3.2"]
[White "Gaszka, Zuzanna"]
[Black "Wojs, Alicja"]
[Result "1-0"]
[BlackElo "1432"]
[WhiteElo "1270"]
[LiveChessVersion "1.4.8"]

1. e4 {[%clk 0:15:19]} e6 {[%clk 0:15:19]} 2. d4 {[%clk 0:15:27]} d5
{[%clk 0:15:28]} 3. Nc3 {[%clk 0:15:35]} Bb4 {[%clk 0:15:36]} 4. exd5
{[%clk 0:15:43]} exd5 {[%clk 0:15:45]} 5. Bd3 {[%clk 0:15:46]} Ne7
{[%clk 0:15:44]} 6. Nf3 {[%clk 0:15:54]} Bg4 {[%clk 0:15:52]} 7. h3
{[%clk 0:16:02]} Bh5 {[%clk 0:16:01]} 8. O-O {[%clk 0:16:02]} Qd7
{[%clk 0:15:59]} 9. g4 {[%clk 0:15:51]} Bg6 {[%clk 0:16:05]} 10. Ne5
{[%clk 0:15:41]} Qd8 {[%clk 0:16:02]} 11. Qf3 {[%clk 0:15:20]} O-O
{[%clk 0:15:53]} 12. Re1 {[%clk 0:14:24]} Bxd3 {[%clk 0:15:55]} 13. Qxd3
{[%clk 0:14:13]} Nbc6 {[%clk 0:15:49]} 14. a3 {[%clk 0:13:34]} Nxe5
{[%clk 0:15:38]} 15. Rxe5 {[%clk 0:13:29]} Bxc3 {[%clk 0:15:34]} 16. Qxc3
{[%clk 0:13:26]} Ng6 {[%clk 0:15:36]} 17. Rf5 {[%clk 0:12:28]} c6
{[%clk 0:15:35]} 18. Bd2 {[%clk 0:11:58]} Re8 {[%clk 0:15:19]} 19. Qd3
{[%clk 0:11:25]} Qd7 {[%clk 0:14:46]} 20. Bg5 {[%clk 0:09:39]} Ne7
{[%clk 0:14:07]} 21. Bxe7 {[%clk 0:08:39]} Qxe7 {[%clk 0:14:13]} 22. Re5
{[%clk 0:08:22]} Qf6 {[%clk 0:13:53]} 23. Rae1 {[%clk 0:08:12]} Rxe5
{[%clk 0:13:46]} 24. Rxe5 {[%clk 0:08:11]} g6 {[%clk 0:13:27]} 25. Qe3
{[%clk 0:07:54]} Kf8 {[%clk 0:13:22]} 26. g5 {[%clk 0:07:42]} Qd6
{[%clk 0:13:10]} 27. h4 {[%clk 0:07:31]} Qd7 {[%clk 0:13:13]} 28. Qf4
{[%clk 0:06:46]} Re8 {[%clk 0:13:08]} 29. Rxe8+ {[%clk 0:05:54]} Qxe8
{[%clk 0:13:16]} 30. Kf1 {[%clk 0:04:22]} Qc8 {[%clk 0:12:10]} 31. Kg2
{[%clk 0:03:40]} Kg8 {[%clk 0:11:46]} 32. Kg3 {[%clk 0:03:05]} a6
{[%clk 0:11:33]} 33. Qe5 {[%clk 0:03:07]} Qd8 {[%clk 0:11:28]} 34. f4
{[%clk 0:02:37]} Qc8 {[%clk 0:11:12]} 35. c3 {[%clk 0:02:08]} Qd7
{[%clk 0:11:03]} 36. b3 {[%clk 0:01:23]} Qc8 {[%clk 0:10:44]} 37. c4
{[%clk 0:00:43]} dxc4 {[%clk 0:10:28]} 38. bxc4 {[%clk 0:00:51]} Qd8
{[%clk 0:10:37]} 39. a4 {[%clk 0:00:55]} Qb6 {[%clk 0:10:32]} 40. Qe8+
{[%clk 0:01:01]} Kg7 {[%clk 0:10:41]} 41. Qe5+ {[%clk 0:01:09]} Kg8
{[%clk 0:10:49]} 42. Qe3 {[%clk 0:00:39]} Qb1 {[%clk 0:10:29]} 43. d5
{[%clk 0:00:34]} Qb4 {[%clk 0:10:06]} 44. Qe8+ {[%clk 0:00:32]} Kg7
{[%clk 0:10:15]} 45. Qe5+ {[%clk 0:00:40]} Kg8 {[%clk 0:10:23]} 46. d6
{[%clk 0:00:44]} Qb3+ {[%clk 0:10:30]} 47. Kf2 {[%clk 0:00:37]} Qc2+
{[%clk 0:10:25]} 48. Kf3 {[%clk 0:00:33]} Qd3+ {[%clk 0:10:29]} 49. Kf2
{[%clk 0:00:39]} Qc2+ {[%clk 0:10:16]} 50. Kg3 {[%clk 0:00:43]} Qd3+
{[%clk 0:10:25]} 51. Kg4 {[%clk 0:00:23]} f5+ {[%clk 0:10:24]} 52. gxf6
{[%clk 0:00:30]} h5+ {[%clk 0:10:26]} 53. Kg5 {[%clk 0:00:38]} Qxc4
{[%clk 0:10:13]} 54. Qe8+ {[%clk 0:00:44]} Kh7 {[%clk 0:10:20]} 55. Qe7+
{[%clk 0:00:52]} Kh8 {[%clk 0:10:28]} 56. Qf8+ {[%clk 0:00:45]} Kh7
{[%clk 0:10:35]} 57. Qg7# 1-0

[Event "d12"]
[Site "?"]
[Date "2020.08.28"]
[Round "3.3"]
[White "Natoli, Alessia"]
[Black "Sliwicka, Weronika"]
[Result "1-0"]
[BlackElo "1285"]
[WhiteElo "1399"]
[LiveChessVersion "1.4.8"]

1. e4 {[%clk 0:15:18]} c5 {[%clk 0:15:19]} 2. Nf3 {[%clk 0:15:23]} e6
{[%clk 0:15:28]} 3. d4 {[%clk 0:15:27]} cxd4 {[%clk 0:15:36]} 4. Nxd4
{[%clk 0:15:30]} Nc6 {[%clk 0:15:44]} 5. Nb3 {[%clk 0:14:49]} Nf6
{[%clk 0:15:49]} 6. Bd3 {[%clk 0:14:46]} Be7 {[%clk 0:15:46]} 7. O-O
{[%clk 0:14:53]} O-O {[%clk 0:15:53]} 8. a3 {[%clk 0:15:00]} h6 {[%clk 0:16:01]}
9. Bf4 {[%clk 0:14:43]} d5 {[%clk 0:16:06]} 10. Nc3 {[%clk 0:13:45]} e5
{[%clk 0:16:00]} 11. exd5 {[%clk 0:12:13]} Nxd5 {[%clk 0:16:00]} 12. Nxd5
{[%clk 0:12:15]} Qxd5 {[%clk 0:16:06]} 13. Bh7+ {[%clk 0:12:22]} Kxh7
{[%clk 0:16:12]} 14. Qxd5 {[%clk 0:12:28]} exf4 {[%clk 0:16:20]} 15. Qe4+
{[%clk 0:12:35]} g6 {[%clk 0:16:11]} 16. Qxf4 {[%clk 0:12:42]} Bg5
{[%clk 0:16:02]} 17. Qc4 {[%clk 0:11:49]} Be6 {[%clk 0:15:43]} 18. Qc3
{[%clk 0:11:53]} f5 {[%clk 0:15:15]} 19. Rfe1 {[%clk 0:11:52]} Bf6
{[%clk 0:15:16]} 20. Qf3 {[%clk 0:11:56]} Bf7 {[%clk 0:13:41]} 21. Nc5
{[%clk 0:11:11]} Nd4 {[%clk 0:10:36]} 22. Qd3 {[%clk 0:10:37]} Be8
{[%clk 0:09:37]} 23. Ne6 {[%clk 0:10:23]} Nxe6 {[%clk 0:07:41]} 24. Rxe6
{[%clk 0:10:31]} Bc6 {[%clk 0:06:55]} 25. c3 {[%clk 0:09:43]} Rad8
{[%clk 0:05:53]} 26. Qe3 {[%clk 0:09:36]} a6 {[%clk 0:05:31]} 27. f3
{[%clk 0:09:27]} Kg7 {[%clk 0:04:11]} 28. Re1 {[%clk 0:09:12]} Rf7
{[%clk 0:03:00]} 29. Rxf6 {[%clk 0:06:07]} Kxf6 {[%clk 0:02:15]} 30. Qe5+
{[%clk 0:06:15]} Kg5 {[%clk 0:02:24]} 31. f4+ {[%clk 0:06:24]} Kh5
{[%clk 0:01:58]} 32. Qe2+ {[%clk 0:06:23]} Kh4 {[%clk 0:02:06]} 33. g3+
{[%clk 0:05:47]} Kh3 {[%clk 0:02:14]} 34. Qe6 {[%clk 0:05:20]} Re8
{[%clk 0:01:40]} 35. Qxg6 {[%clk 0:04:54]} Rxe1+ {[%clk 0:01:39]} 36. Kf2
{[%clk 0:05:03]} Bf3 {[%clk 0:00:25]} 37. Qxh6+ {[%clk 0:05:08]} Kg4
{[%clk 0:00:33]} 38. Qh4# 1-0